Wer hat mehr Einwohner? (Länder) - Statistiken

Allgemein
  • Dieses Quiz wurde 1.196 mal gespielt
    758 seit der letzten Aktualisierung
  • Das Durchschnittsergebnis liegt bei 9 aus 15
Antwortstatistiken
Frage Antwort % Korrekt
Wer hat mehr Einwohner? Niederlande
86%
Wer hat mehr Einwohner? Singapur
83%
Wer hat mehr Einwohner? Deutschland
80%
Wer hat mehr Einwohner? Vereinigtes Königreich
80%
Wer hat mehr Einwohner? Ecuador
71%
Wer hat mehr Einwohner? Mexiko
71%
Wer hat mehr Einwohner? Schweiz
71%
Wer hat mehr Einwohner? Pakistan
61%
Wer hat mehr Einwohner? Sudan
61%
Wer hat mehr Einwohner? Tansania
53%
Wer hat mehr Einwohner? Indonesien
52%
Wer hat mehr Einwohner? Malediven
52%
Wer hat mehr Einwohner? Algerien
45%
Wer hat mehr Einwohner? Venezuela
45%
Wer hat mehr Einwohner? China
30%
Keine übereinstimmenden Quizze gefunden
Verteilung der Resultate
Anzahl Personen mit jedem Resultat
Perzentil nach korrekt beantworteten Fragen
Ihre Resultats-Entwicklung
Sie haben dieses Quiz seit der letzten Aktualisierung nicht gespielt